Datum a čas kvízu
40.5
Celkem bodů
Celkový počet nahraných bodů na tomto kvízu bez doplňovacích otázek.
2.
Pořadí na kvízu
Konečné umístění týmu na tomto kvízu.
Zaznamenané odpovědi
| # | Otázka | Odpověď | Body | Výsledky |
|---|---|---|---|---|
| 1. | Ve čtvrtek 23. 4. si Česko při... | bez spěchu | 1 | |
| 2. | Dva zkušení borci, 66letý Joha... | traktory | 0 | |
| 3. | Studio Disney vydalo minulý tý... | A) budou ve znakové řeči | 0 | |
| 4. | Který unikátní předmět z Titan... | záchranná vesta | 1 | |
| 5. | Spor USA s Íránem může mít kro... | Itálií | 1 | |
| 6. | Vědci v minulosti několikrát t... | D) | 0 | |
| 7. | Světová zdravotnická organizac... | o Rumunsko | 0 | |
| 8. | V červenci 2025 Senát schválil... | 3 (2 a 4 za půl bodu) | 1 | |
| 9. | Na které z fotografií se nachá... | A) | 1 | |
| 10. | Tinktura z opia se v minulosti... | laudanum | 1 |